Biggest American Cities that start with N on a Map - Statistics

General Stats
  • This quiz has been taken 361 times
  • The average score is 9 of 14
Answers on the Map
Answers color-coded by a green-red scale on the quiz's map according to % correct below.
 
Answer Stats
Population City % Correct
8,804,190 New York
99%
689,447 Nashville
96%
383,997 New Orleans
96%
311,549 Newark
78%
134,023 New Haven
68%
238,005 Norfolk
68%
262,527 North Las Vegas
68%
186,247 Newport News
54%
128,026 Norman
51%
149,540 Naperville
47%
100,200 Nampa
44%
114,852 North Charleston
41%
101,079 New Bedford
35%
102,773 Norwalk
25%
No matching quizzes found
Score Distribution
Percent of People with Each Score
Percentile by Number Answered
Your Score History
You have not taken this quiz